|
|
|
|
| LEADER |
01133nam a22002057a 4500 |
| 082 |
|
|
|a 894.M3
|b SYA/M L9
|
| 100 |
|
|
|a പി ആര് ശ്യാമള;
|9 5905
|
| 100 |
|
|
|a P R Syamala
|9 5906
|
| 240 |
|
|
|a Manasinte theerdhayathra
|
| 245 |
|
|
|a മനസ്സിന്റെ തീര്ത്ഥയാത്ര
|
| 250 |
|
|
|a 1st
|
| 260 |
|
|
|a Thiruvananthapuram;
|b Prabhatham Printing & Publishing Co Ltd;
|c 1979
|
| 300 |
|
|
|a 150p.
|
| 650 |
|
|
|a മലയാളം; മലയാളം നോവല്
|9 3
|
| 650 |
|
|
|a Malayalam; Malayalam Novel; Literature; Malayalam Fiction
|9 5907
|
| 942 |
|
|
|c BK
|
| 999 |
|
|
|c 31887
|d 31887
|
| 952 |
|
|
|0 0
|1 0
|4 0
|6 894_000000000000000_M3_SYA_M_L9
|7 0
|8 NOVET
|9 35123
|a MAL
|b MAL
|d 2015-05-07
|e 26004
|g 6.00
|l 0
|o 894.M3 SYA/M L9
|p MAL026004
|r 2015-05-07
|t 1
|w 2015-05-07
|y BK
|
| 952 |
|
|
|0 0
|1 0
|4 0
|6 894_000000000000000_M3_SYA_M_L91
|7 0
|8 NOVET
|9 35124
|a MAL
|b MAL
|d 2015-05-07
|e 27755
|g 6.00
|l 0
|o 894.M3 SYA/M L9;1
|p MAL027755
|r 2015-05-07
|t 2
|w 2015-05-07
|y BK
|
| 952 |
|
|
|0 0
|1 0
|4 0
|6 894_000000000000000_M3_SYA_M_L92
|7 0
|8 NOVET
|9 35125
|a MAL
|b MAL
|d 2015-05-07
|e 29738
|g 6.00
|l 0
|o 894.M3 SYA/M L9;2
|p MAL029738
|r 2015-05-07
|t 3
|w 2015-05-07
|y BK
|